000 00407nam a2200181Ia 4500
001 4307
005 20260306145746.0
008 260306t2021||||xx |||||||||||||| ||spa||
041 _aESP
082 _a320.52
_bS727
100 _aScruton, Roger,
_eAUT
245 0 _aConservadurismo
260 _c2021
300 _a183 páginas :
_c21 cm.
650 _aGEN
654 _aCDE
942 _cLIB
_dJUS
_fJUS
_2ddc
_n
999 _c4307
_d4307